| 000 | 00357 a2200157 4500 | ||
|---|---|---|---|
| 001 | 61292 | ||
| 020 | _a8516051439 | ||
| 040 | _cAnchieta - Pituba | ||
| 100 | _aRengel, Lenira | ||
| 240 | 1 | 0 |
_aPequena viagem pelo mundo da dança _lpor |
| 245 | 1 | 0 | _aPequena viagem pelo mundo da dança |
| 300 | _a80 | ||
| 362 | 0 | _a2006 | |
| 650 | 4 | _aDanças | |
| 942 | _cBK | ||
| 999 |
_c61292 _d61292 |
||